000 01703nam a2200253 a 4500
001 BS0003232
003 BR-BrBNA
005 20230418192245.0
008 230308b |||||||| |||| 00| 0 por d
040 _aBR-BrBNA
_bpor
_cBiblioteca Nacional de Agricultura
041 _apor
072 _aB59
090 _aB59 BS0003232
100 1 _aKardec, Allan.
245 1 _aA Gênese :
_bOs Milagres e as predições segundo o espiritismo /
250 1 _a53. ed.
260 3 _aAraras, SP:
_bInstituto de Divisão Espírita,
_c2008.
300 _a288 p.
500 _aTitulo Original : Les Miracles et les Prédictions Selon le Spiritisme. Tradução de Salvador Gentile.
520 3 _aA criação da Humanidade (corpórea e espiritual)e do mundo material sempre foi, desde a Antiguidade, um tema palpitante e polêmico. E, nesta obra, Kardec mostra-nos que a Revelação Espírita lança intensa luz sobre essa grande questão. Dois outros temas interessantes são também analisados: os Milagres e as Predições - no sentido amplo e, em particular, no Evangelho -, tomando-os compreensíveis e naturais ao nosso entendimento. No capítulo final, Os Tempos são Chegados, o Codificador alerta-nos sobre o difícil período de transição que atravessamos, transmitindo-nos muita esperança e fé.No final desta obra, há um índice Analítico dos Assuntos, reunindo, em ordem alfabética, todos os verbetes que podem interessar aos estudiosos.Allan Kardec, quando redigiu seus livros, escreveu para o povo, em linguagem simples, e, sendo esta uma tradução literal, a linguagem simples original ficou preservada.
650 _aESPIRITISMO
909 _a202304
_bSergio Santos
_c56
_dSergio Santos
942 _cBK
999 _c8295
_d8295